000 00582nam a2200181Ia 4500
008 240729s9999 xx 000 0 und d
022 _a2581-9178
245 0 _aJournal of Gastrointestinal and Abdominal Radiology
260 _aIndia
260 _bThieme Medical and Scientific Publishers Pvt. Ltd.
650 _a Diseases of the digestive system. Gastroenterology
650 _a Internal medicine
650 _a Specialties of internal medicine
650 _aMedicine
856 _uhttps://doaj.org/toc/542259f102f34535ab8b3fe108fbccc0
942 _2ddc
942 _cDOAJEJ
999 _c65600
_d65600
945 _a1
_bMadushi Gamage
_c1
_dMadushi Gamage